[Event "XIII Festival A"]
[Site "Porto San Giorgio ITA"]
[Date "2001.08.21"]
[Round "1"]
[White "Efimov, Igor"]
[Black "D'Innocente, Stefano"]
[Result "0-1"]
[WhiteElo "2474"]
[BlackElo "2123"]
[PlyCount "78"]
[EventDate "2001.08.21"]

1.d4 Nf6 2.c4 g6 3.Nc3 Bg7 4.e4 d6 5.f3 O-O 6.Bg5 c5 7.d5 e6 8.Qd2 exd5 9.
cxd5 a6 10.a4 Nbd7 11.Nh3 Qa5 12.Ra3 Ne5 13.Nf2 Re8 14.Be2 Rb8 15.O-O Kh8 
16.h3 Ng8 17.f4 Nd7 18.Qc2 Ndf6 19.e5 dxe5 20.fxe5 Nd7 21.Ng4 Nxe5 22.Nxe5
Bxe5 23.Rxf7 Bf5 24.Qd2 Rf8 25.Rxf8 Rxf8 26.Rb3 Qc7 27.d6 Bxd6 28.Nd5 Qg7 
29.Bf3 Be5 30.Kh1 Be6 31.Rb6 Bxh3 32.Nf4 Bc8 33.Ne6 Bxe6 34.Rxe6 Bxb2 35.
Rb6 Bc3 36.Qd6 Be5 37.Qd5 Bc7 38.Rb1 Rf5 39.Qd2 Qe5 0-1

[Event "XIII Festival A"]
[Site "Porto San Giorgio ITA"]
[Date "2001.08.21"]
[Round "1"]
[White "Gosio, Denis"]
[Black "Ortega, Lexy"]
[Result "0-1"]
[WhiteElo "2151"]
[BlackElo "2498"]
[PlyCount "60"]
[EventDate "2001.08.21"]

1.e4 c5 2.Nf3 e6 3.d4 cxd4 4.Nxd4 a6 5.Bd3 Bc5 6.Nb3 Ba7 7.Nc3 Nc6 8.Qe2 
d6 9.Be3 b5 10.a3 Nf6 11.O-O O-O 12.Bxa7 Rxa7 13.f4 e5 14.f5 h6 15.Nd5 Re8
16.Rae1 Nb8 17.Qf2 Ra8 18.c4 Nbd7 19.cxb5 Nxd5 20.exd5 Nf6 21.Nd2 Bb7 22.
bxa6 Bxd5 23.b4 Rc8 24.h3 e4 25.Bb5 Re5 26.Qd4 Rc2 27.Re3 Ba8 28.Bc4 Nd5 
29.Rg3 Qb6 30.Qxb6 Nxb6 0-1

[Event "XIII Festival A"]
[Site "Porto San Giorgio ITA"]
[Date "2001.08.21"]
[Round "1"]
[White "Iordachescu, Viorel"]
[Black "Lauria, Amilcare"]
[Result "1-0"]
[WhiteElo "2562"]
[BlackElo "2159"]
[PlyCount "41"]
[EventDate "2001.08.21"]

1.e4 c5 2.Nf3 e6 3.d4 cxd4 4.Nxd4 a6 5.Nc3 Qc7 6.Bd3 b5 7.O-O Bb7 8.Qe2 
Nf6 9.e5 Nd5 10.Nxd5 Bxd5 11.a4 Nc6 12.Nxc6 dxc6 13.b3 b4 14.Bxa6 Rxa6 15.
Qxa6 Qxe5 16.Qa8+ Kd7 17.Qa7+ Ke8 18.Be3 Bd6 19.f4 Qe4 20.Rf2 Rf8 21.Bc5 
1-0

[Event "XIII Festival A"]
[Site "Porto San Giorgio ITA"]
[Date "2001.08.21"]
[Round "1"]
[White "Laketic, Gojko"]
[Black "De Vita, Gianni"]
[Result "1-0"]
[WhiteElo "2444"]
[BlackElo "2113"]
[PlyCount "69"]
[EventDate "2001.08.21"]

1.d4 d5 2.c4 e6 3.Nc3 c6 4.e3 Bd6 5.Nf3 Nf6 6.Qc2 Nbd7 7.e4 dxe4 8.Nxe4 
Bb4+ 9.Bd2 Qe7 10.O-O-O Bxd2+ 11.Rxd2 c5 12.Bd3 cxd4 13.Nxd4 Nc5 14.Nxf6+ 
Qxf6 15.Nb5 Nxd3+ 16.Qxd3 O-O 17.Nc7 Rb8 18.Re1 e5 19.Qg3 Qc6 20.Qxe5 
Qxc4+ 21.Rc2 Qg4 22.Ne8 Ra8 23.f3 Qg6 24.Rc7 Be6 25.Nxg7 Bxa2 26.Nf5 Rae8 
27.Qxe8 Qxf5 28.Qe4 Qg5+ 29.f4 Qb5 30.Qe5 Qd3 31.Qe4 Qd6 32.Rc3 Rd8 33.Qe3
b5 34.f5 Qd5 35.Qg5+ 1-0

[Event "XIII Festival A"]
[Site "Porto San Giorgio ITA"]
[Date "2001.08.21"]
[Round "1"]
[White "Martorelli, Antonio"]
[Black "Scacco, Mauro"]
[Result "1-0"]
[WhiteElo "2304"]
[BlackElo "2058"]
[PlyCount "143"]
[EventDate "2001.08.21"]

1.e4 e5 2.Nf3 Nc6 3.Bb5 a6 4.Ba4 Nf6 5.O-O Be7 6.Bxc6 dxc6 7.d3 Nd7 8.Nbd2
O-O 9.Kh1 Bd6 10.Nc4 Qe7 11.Rg1 Nc5 12.g4 a5 13.Bd2 Be6 14.Ne3 Qd7 15.Nf5 
f6 16.Qe2 Kh8 17.Rg3 g6 18.Nh6 Rfe8 19.Nh4 Bf8 20.N6f5 b6 21.Rh3 Qf7 22.
Qe3 Rad8 23.Nh6 Qg7 24.Qe2 Nxe4 25.dxe4 Rxd2 26.Qxd2 Qxh6 27.Qxh6 Bxh6 28.
Nxg6+ hxg6 29.Rxh6+ Kg7 30.Rh3 Bxg4 31.Rg3 Bh5 32.Rd3 Re7 33.Kg2 f5 34.Re1
Kh6 35.h4 f4 36.f3 g5 37.hxg5+ Kxg5 38.Red1 Be8 39.Rd8 Kf6 40.Kf2 c5 41.
Rg1 Bf7 42.a3 Be8 43.Rg8 Bf7 44.Rgf8 Kg7 45.Ke2 Kf6 46.Kf2 Kg5 47.Kg2 Kf6 
48.Kf2 Kg7 49.Rh8 Kf6 50.Ke1 Kg7 51.Kd2 Kf6 52.Kc3 Kg5 53.Rh1 Kf6 54.Rdh8 
Rd7 55.R8h7 b5 56.b4 cxb4+ 57.axb4 a4 58.R1h6+ Kg5 59.Ra6 Be6 60.Rxd7 Bxd7
61.Ra7 Kh4 62.Rxc7 Bh3 63.Rc5 Kg3 64.Rxb5 Kxf3 65.Rxe5 Ke3 66.b5 f3 67.Re7
f2 68.Rf7 Bg2 69.Rxf2 Kxf2 70.e5 Bd5 71.b6 a3 72.e6 1-0

[Event "XIII Festival A"]
[Site "Porto San Giorgio ITA"]
[Date "2001.08.21"]
[Round "1"]
[White "Mrdja, Milan"]
[Black "Castrogiovanni, Carlo"]
[Result "1-0"]
[WhiteElo "2399"]
[BlackElo "2076"]
[PlyCount "61"]
[EventDate "2001.08.21"]

1.e4 c5 2.Nf3 e6 3.d4 cxd4 4.Nxd4 Nc6 5.Nb5 d6 6.c4 a6 7.N5c3 Be7 8.Be2 
Nf6 9.O-O O-O 10.Be3 Nd7 11.f4 b6 12.Bf3 Bb7 13.Na3 Qc7 14.Rc1 Nc5 15.Qd2 
Rac8 16.Rfd1 Qb8 17.Bf2 Rcd8 18.Nc2 Rfe8 19.b4 Nd7 20.a3 Ba8 21.Ne3 Na7 
22.Qd3 b5 23.cxb5 Nxb5 24.Nxb5 axb5 25.Nc2 Nf6 26.Nd4 Rc8 27.Rb1 e5 28.
Nxb5 Bxe4 29.Bxe4 Nxe4 30.Qxe4 Qxb5 31.Rd5 1-0

[Event "XIII Festival A"]
[Site "Porto San Giorgio ITA"]
[Date "2001.08.21"]
[Round "1"]
[White "Piantoni, Roberto"]
[Black "Razuvaev, Yuri S."]
[Result "1/2-1/2"]
[WhiteElo "2155"]
[BlackElo "2549"]
[PlyCount "41"]
[EventDate "2001.08.21"]

1.d4 Nf6 2.Nf3 e6 3.e3 b6 4.Nbd2 c5 5.c3 Be7 6.Bd3 Ba6 7.Bxa6 Nxa6 8.O-O 
O-O 9.Qe2 Qc8 10.e4 cxd4 11.e5 Nd5 12.Nxd4 Nc5 13.N2f3 f5 14.exf6 Bxf6 15.
Rd1 Qb7 16.Ng5 h6 17.Ne4 Be7 18.Nxc5 Bxc5 19.Qe4 Qc8 20.Bxh6 Qe8 21.Bg5 
1/2-1/2

[Event "XIII Festival A"]
[Site "Porto San Giorgio ITA"]
[Date "2001.08.21"]
[Round "1"]
[White "Pienabarca, Nicola"]
[Black "Mola, Pietro"]
[Result "0-1"]
[WhiteElo "2050"]
[BlackElo "2261"]
[PlyCount "42"]
[EventDate "2001.08.21"]

1.d4 Nf6 2.c4 e6 3.Nc3 Bb4 4.Qc2 d5 5.Bg5 dxc4 6.Nf3 b5 7.e4 h6 8.Bh4 Bb7 
9.e5 g5 10.Nxg5 hxg5 11.Bxg5 Nbd7 12.a4 c5 13.exf6 cxd4 14.axb5 dxc3 15.
bxc3 Bc5 16.Bxc4 Qc7 17.Bxe6 O-O-O 18.Bxd7+ Rxd7 19.Qf5 Bxg2 20.Rg1 Re8+ 
21.Be3 Bxe3 0-1

[Event "XIII Festival A"]
[Site "Porto San Giorgio ITA"]
[Date "2001.08.21"]
[Round "1"]
[White "Rausis, Igors"]
[Black "Bottino, Alexiei"]
[Result "1-0"]
[WhiteElo "2463"]
[BlackElo "2117"]
[PlyCount "35"]
[EventDate "2001.08.21"]

1.d4 e6 2.c4 f5 3.g3 Nf6 4.Bg2 Bb4+ 5.Nd2 O-O 6.Nh3 d6 7.O-O Bxd2 8.Bxd2 
e5 9.c5 Ne4 10.cxd6 cxd6 11.dxe5 Nxd2 12.Qxd2 dxe5 13.Qd5+ Qxd5 14.Bxd5+ 
Kh8 15.Ng5 e4 16.Nf7+ Kg8 17.Nd6+ Kh8 18.Nxc8 1-0

[Event "XIII Festival A"]
[Site "Porto San Giorgio ITA"]
[Date "2001.08.21"]
[Round "1"]
[White "Rotstein, Arkadij"]
[Black "Citti, Gianluca"]
[Result "1-0"]
[WhiteElo "2499"]
[BlackElo "2154"]
[PlyCount "79"]
[EventDate "2001.08.21"]

1.e4 e5 2.Nf3 Nc6 3.Bb5 Qf6 4.O-O Bc5 5.c3 Nge7 6.Re1 h6 7.d4 Bb6 8.Be3 
O-O 9.Bxc6 Nxc6 10.d5 Nd8 11.c4 d6 12.Nc3 Qe7 13.Nd2 f6 14.b4 Kh7 15.Rc1 
Bxe3 16.Rxe3 b6 17.Nb3 Nb7 18.a3 Bd7 19.h3 a6 20.Ne2 g6 21.Qd2 Rfc8 22.f4 
g5 23.fxe5 fxe5 24.Ng3 Kh8 25.Qe2 Qh7 26.c5 bxc5 27.bxc5 Bb5 28.Qb2 Rab8 
29.Rec3 Ba4 30.cxd6 Nxd6 31.Re1 Bxb3 32.Rxb3 Rxb3 33.Qxb3 Qe7 34.Qa4 Ra8 
35.Qc6 Rf8 36.Qxa6 Kh7 37.Rc1 Rf7 38.a4 Qd7 39.Qc6 Qe7 40.a5 1-0

[Event "XIII Festival A"]
[Site "Porto San Giorgio ITA"]
[Date "2001.08.21"]
[Round "1"]
[White "Ruzzier, Dario"]
[Black "Sibilio, Mario"]
[Result "0-1"]
[WhiteElo "2075"]
[BlackElo "2370"]
[PlyCount "72"]
[EventDate "2001.08.21"]

1.d4 d6 2.c4 g6 3.Nc3 Bg7 4.Nf3 Nf6 5.e4 O-O 6.Be2 c5 7.d5 e5 8.Bg5 Qb6 9.
Qd2 Nbd7 10.O-O a6 11.a4 Nh5 12.a5 Qc7 13.Nh4 Nf4 14.Bxf4 exf4 15.Qxf4 Rb8
16.Ra3 b6 17.Qd2 bxa5 18.f4 Rb4 19.e5 dxe5 20.f5 Qd8 21.Qe1 Nf6 22.Bd3 e4 
23.Nxe4 Nxe4 24.Qxe4 Re8 25.Qf3 Bd4+ 26.Kh1 Qxh4 27.fxg6 f6 28.d6 Bb7 29.
d7 Rd8 30.Qf5 hxg6 31.Qxg6+ Kf8 32.Bf5 Rxb2 33.Rg3 Ke7 34.Qe8+ Rxe8 35.
Re1+ Be5 36.dxe8=Q+ Kxe8 0-1

[Event "XIII Festival A"]
[Site "Porto San Giorgio ITA"]
[Date "2001.08.21"]
[Round "1"]
[White "Saccona, Silvano"]
[Black "Popchev, Milko"]
[Result "0-1"]
[WhiteElo "2114"]
[BlackElo "2447"]
[PlyCount "78"]
[EventDate "2001.08.21"]

1.c4 e6 2.d4 d5 3.e3 c6 4.Nf3 f5 5.Be2 Nf6 6.b3 Bd6 7.O-O Qe7 8.Qc2 O-O 9.
Nbd2 Nbd7 10.Bb2 Ne4 11.Ne5 Nxe5 12.dxe5 Bb4 13.Nf3 Bd7 14.Bd3 Be8 15.Nd4 
c5 16.Ne2 Bc6 17.Rac1 dxc4 18.Bxc4 Nd2 19.a3 Nxc4 20.Qxc4 Bd5 21.Qc2 Be4 
22.Qc4 Bd2 23.Ra1 Rfd8 24.Nf4 Bd5 25.Nxd5 Rxd5 26.e4 fxe4 27.Qxe4 Rf8 28.
g3 Qd7 29.Qg4 Rd3 30.b4 b6 31.Rad1 Qd5 32.h4 c4 33.h5 h6 34.Qg6 c3 35.Bc1 
Kh8 36.g4 Qd4 37.Kg2 c2 38.Rde1 Bxe1 39.Bxh6 Rxf2+ 0-1

[Event "XIII Festival A"]
[Site "Porto San Giorgio ITA"]
[Date "2001.08.21"]
[Round "1"]
[White "Sbraccia, Giovanni"]
[Black "Inkiov, Ventzislav V."]
[Result "0-1"]
[WhiteElo "2121"]
[BlackElo "2470"]
[PlyCount "56"]
[EventDate "2001.08.21"]

1.Nf3 Nf6 2.g3 d5 3.Bg2 c5 4.O-O Nc6 5.d3 e5 6.e4 Be7 7.Nbd2 O-O 8.exd5 
Nxd5 9.Nc4 f6 10.a4 Be6 11.b3 Qd7 12.Bb2 Bh3 13.Ne3 Bxg2 14.Kxg2 Rad8 15.
Qe2 Rfe8 16.Rad1 Nf4+ 17.gxf4 exf4 18.d4 fxe3 19.Qc4+ Kh8 20.dxc5 Qf5 21.
fxe3 Rxd1 22.Rxd1 Bxc5 23.Bd4 Bxd4 24.exd4 Re3 25.Ne1 Qg4+ 26.Kf2 Qxd1 27.
Kxe3 Qxe1+ 28.Kd3 Nb4+ 0-1

[Event "XIII Festival A"]
[Site "Porto San Giorgio ITA"]
[Date "2001.08.21"]
[Round "1"]
[White "Tomescu, Vlad"]
[Black "Timms, Nicholas D."]
[Result "1-0"]
[WhiteElo "2417"]
[BlackElo "2102"]
[PlyCount "27"]
[EventDate "2001.08.21"]

1.e4 c6 2.Nf3 d5 3.Nc3 Bg4 4.h3 Bh5 5.exd5 cxd5 6.Bb5+ Nc6 7.g4 Bg6 8.Ne5 
Qc7 9.d4 e6 10.Qe2 Bd6 11.Nxd5 Qc8 12.Bf4 Bb8 13.O-O-O a6 14.Nb6 1-0

[Event "XIII Festival A"]
[Site "Porto San Giorgio ITA"]
[Date "2001.08.22"]
[Round "2"]
[White "Ager, Josef"]
[Black "Ambrosi, Eleonora"]
[Result "1/2-1/2"]
[WhiteElo "2248"]
[BlackElo "2078"]
[PlyCount "108"]
[EventDate "2001.08.21"]

1.d4 Nf6 2.c4 e6 3.g3 d5 4.Bg2 Be7 5.Nf3 c6 6.Qc2 O-O 7.O-O b6 8.b3 Bb7 9.
Nc3 Nbd7 10.e4 dxe4 11.Nxe4 Nxe4 12.Qxe4 Nf6 13.Qe2 c5 14.Rd1 Qc7 15.Bf4 
Bd6 16.Be5 Qe7 17.Bxf6 Qxf6 18.Ne5 Bxg2 19.Kxg2 Rfd8 20.Nc6 Rdc8 21.d5 
exd5 22.cxd5 Re8 23.Qd3 a6 24.a4 Qg5 25.Re1 h5 26.Rad1 Rf8 27.Re4 g6 28.
Rde1 a5 29.f4 Qf5 30.R4e3 Qxd3 31.Rxd3 Rfe8 32.Rde3 Rxe3 33.Rxe3 Kf8 34.
Kf3 Re8 35.Rxe8+ Kxe8 36.Na7 Kd7 37.Nb5 Bb8 38.Ke4 f5+ 39.Kd3 Ke7 40.Na3 
h4 41.Nc4 hxg3 42.hxg3 Bc7 43.d6+ Bxd6 44.Nxb6 Bc7 45.Nd5+ Kd6 46.Kc4 Bd8 
47.Ne3 Kc6 48.Ng2 g5 49.Ne3 gxf4 50.gxf4 Bc7 51.Nxf5 Bxf4 52.Ne7+ Kd6 53.
Nd5 Bd2 54.Nf6 Kc6 1/2-1/2

[Event "XIII Festival A"]
[Site "Porto San Giorgio ITA"]
[Date "2001.08.22"]
[Round "2"]
[White "Aleksic, Nenad"]
[Black "Bridger, Michael J."]
[Result "1-0"]
[WhiteElo "2416"]
[BlackElo "2058"]
[PlyCount "63"]
[EventDate "2001.08.21"]

1.e4 e6 2.Nf3 d5 3.Nc3 Nf6 4.e5 Nfd7 5.d4 c5 6.dxc5 Nc6 7.Bf4 Bxc5 8.Bd3 
f6 9.exf6 Nxf6 10.O-O O-O 11.Ne5 Nxe5 12.Bxe5 Bd6 13.Qe2 a6 14.Rae1 Qc7 
15.Nb1 Bd7 16.Nd2 Rae8 17.Nf3 Bc8 18.Bxd6 Qxd6 19.Ne5 g6 20.Qe3 Kg7 21.Qd4
Kg8 22.Re3 Nd7 23.b3 Nxe5 24.Rxe5 Rf6 25.c4 Rd8 26.cxd5 exd5 27.Rxd5 Qxd5 
28.Bc4 Rfd6 29.Re1 Qxc4 30.Qxc4+ Be6 31.Rxe6 Rd1+ 32.Re1+ 1-0

[Event "XIII Festival A"]
[Site "Porto San Giorgio ITA"]
[Date "2001.08.22"]
[Round "2"]
[White "Castrogiovanni, Carlo"]
[Black "Voltolini, Giuseppe"]
[Result "0-1"]
[WhiteElo "2076"]
[BlackElo "2266"]
[PlyCount "54"]
[EventDate "2001.08.21"]

1.Nf3 Nf6 2.c4 g6 3.g3 Bg7 4.Bg2 O-O 5.Nc3 d6 6.O-O c5 7.d3 Nc6 8.Bd2 Rb8 
9.Qc1 Re8 10.Bh6 Bh8 11.h3 a6 12.Ne1 Bd7 13.a4 Nd4 14.Qd1 Bc6 15.e3 Ne6 
16.e4 b5 17.axb5 axb5 18.e5 Bxg2 19.Nxg2 dxe5 20.cxb5 Qc8 21.Ra5 Rd8 22.
Ne3 e4 23.Qb1 exd3 24.Qa2 Nd4 25.Ncd5 Nxd5 26.Nxd5 Qb7 27.Ra8 Rxa8 0-1

[Event "XIII Festival A"]
[Site "Porto San Giorgio ITA"]
[Date "2001.08.22"]
[Round "2"]
[White "Cocchi, Andrea"]
[Black "Bruned, Yvain"]
[Result "1-0"]
[WhiteElo "2270"]
[BlackElo "2049"]
[PlyCount "69"]
[EventDate "2001.08.21"]

1.Nf3 Nf6 2.g3 g6 3.Bg2 Bg7 4.O-O O-O 5.c4 d6 6.Nc3 e5 7.Rb1 a5 8.a3 c6 9.
d3 Re8 10.b4 axb4 11.axb4 d5 12.Nd2 d4 13.Nce4 Nxe4 14.Nxe4 Bf5 15.b5 Bxe4
16.Bxe4 Qc7 17.bxc6 bxc6 18.Bg2 Nd7 19.Qc2 Nc5 20.Bg5 Ra3 21.Ra1 Rea8 22.
Rxa3 Rxa3 23.Bd2 Ra7 24.Rb1 Na4 25.Qb3 h6 26.Bxc6 Nc3 27.Bxc3 dxc3 28.Be4 
Qa5 29.Rc1 Kh7 30.Rxc3 Qa1+ 31.Kg2 f5 32.Bd5 e4 33.Rc2 Ra3 34.Qb8 exd3 35.
Qg8# 1-0

[Event "XIII Festival A"]
[Site "Porto San Giorgio ITA"]
[Date "2001.08.22"]
[Round "2"]
[White "D'Innocente, Stefano"]
[Black "Bukal, Vladimir jr"]
[Result "1/2-1/2"]
[WhiteElo "2123"]
[BlackElo "2411"]
[PlyCount "102"]
[EventDate "2001.08.21"]

1.e4 e6 2.d4 d5 3.Nc3 Bb4 4.e5 Ne7 5.a3 Bxc3+ 6.bxc3 c5 7.Qg4 Kf8 8.a4 Qc7
9.Nf3 b6 10.Bd3 Ba6 11.Bxa6 Nxa6 12.O-O Rc8 13.Ba3 Kg8 14.Nh4 Ng6 15.Nxg6 
hxg6 16.Rfb1 Nb8 17.a5 Nd7 18.axb6 axb6 19.h3 Rh5 20.Bb2 Re8 21.Rc1 Kh7 
22.Qe2 Rh4 23.Qd2 f6 24.f4 Rc8 25.Kh2 Kg8 26.g3 Rh8 27.Qe2 f5 28.Kg2 Kf7 
29.h4 Ra8 30.h5 gxh5 31.Rxa8 Rxa8 32.Qxh5+ Kg8 33.Rh1 Nf8 34.Qh8+ Kf7 35.
Qh5+ Kg8 36.Qh8+ Kf7 37.Qh5+ Ng6 38.g4 Rh8 39.Qg5 Rxh1 40.Kxh1 fxg4 41.f5 
Nf8 42.fxe6+ Nxe6 43.Qf5+ Ke7 44.Bc1 Qc8 45.Bg5+ Kd7 46.Qf7+ Kc6 47.Be3 
Qd7 48.Qg6 Qe7 49.Qxg4 Qf7 50.dxc5 Nxc5 51.Bxc5 bxc5 1/2-1/2

[Event "XIII Festival A"]
[Site "Porto San Giorgio ITA"]
[Date "2001.08.22"]
[Round "2"]
[White "De Poi, Paolo"]
[Black "Rausis, Igors"]
[Result "1/2-1/2"]
[WhiteElo "2215"]
[BlackElo "2463"]
[PlyCount "61"]
[EventDate "2001.08.21"]

1.e4 c6 2.Nc3 d5 3.Nf3 Bg4 4.h3 Bh5 5.d3 e6 6.Be2 Nd7 7.O-O Bb4 8.Bd2 Ba5 
9.Nd4 Bg6 10.Nb3 Bb6 11.Bf3 Ne7 12.Re1 O-O 13.Bg5 f6 14.Bf4 e5 15.Bg3 Bf7 
16.Qd2 a6 17.Kh2 f5 18.exd5 Nxd5 19.Nxd5 cxd5 20.Rxe5 Nxe5 21.Bxe5 Re8 22.
d4 Rc8 23.c3 Rc6 24.Nc1 g5 25.g3 h6 26.Nd3 a5 27.Rh1 Kh7 28.Kg2 Rg8 29.Kf1
Qd7 30.h4 g4 31.Bd1 1/2-1/2

[Event "XIII Festival A"]
[Site "Porto San Giorgio ITA"]
[Date "2001.08.22"]
[Round "2"]
[White "Glek, Igor V."]
[Black "Martorelli, Antonio"]
[Result "1-0"]
[WhiteElo "2574"]
[BlackElo "2304"]
[PlyCount "53"]
[EventDate "2001.08.21"]

1.e4 c5 2.Nf3 e6 3.d3 Nc6 4.g3 Nf6 5.Bg2 Be7 6.O-O O-O 7.Re1 b6 8.c4 Bb7 
9.Nc3 d6 10.d4 cxd4 11.Nxd4 Rc8 12.b3 a6 13.Bb2 Qc7 14.Rc1 Qb8 15.Nxc6 
Bxc6 16.Nd5 Bd8 17.Nxf6+ Bxf6 18.Bxf6 gxf6 19.Qg4+ Kh8 20.Qh4 Kg7 21.Qg4+ 
Kh8 22.Qh4 Kg7 23.e5 dxe5 24.Qg4+ Kh8 25.Bxc6 f5 26.Qf3 Kg7 27.Bb7 1-0

[Event "XIII Festival A"]
[Site "Porto San Giorgio ITA"]
[Date "2001.08.22"]
[Round "2"]
[White "Inkiov, Ventzislav V."]
[Black "Rago, Riccardo"]
[Result "1-0"]
[WhiteElo "2470"]
[BlackElo "2220"]
[PlyCount "75"]
[EventDate "2001.08.21"]

1.d4 d5 2.c4 e6 3.Nf3 Nf6 4.g3 Be7 5.Bg2 O-O 6.O-O c6 7.Qc2 b6 8.Rd1 Bb7 
9.b3 Nbd7 10.Nc3 Rc8 11.e4 dxe4 12.Ng5 h6 13.Ngxe4 Nxe4 14.Nxe4 Nf6 15.Be3
Nxe4 16.Bxe4 Bg5 17.f4 Be7 18.a4 Qc7 19.c5 bxc5 20.dxc5 Bf6 21.Rac1 Rfd8 
22.b4 a6 23.Rxd8+ Rxd8 24.Rd1 e5 25.f5 Be7 26.h4 Rb8 27.b5 axb5 28.axb5 
cxb5 29.Bxb7 Qxb7 30.c6 Qa8 31.Rd7 Qa3 32.Bf2 Rc8 33.c7 Bf6 34.Qd1 Qa8 35.
Qb3 Rf8 36.Qxb5 Qf3 37.Qc4 Qa8 38.Rxf7 1-0

[Event "XIII Festival A"]
[Site "Porto San Giorgio ITA"]
[Date "2001.08.22"]
[Round "2"]
[White "Isonzo, David"]
[Black "Iordachescu, Viorel"]
[Result "1/2-1/2"]
[WhiteElo "2315"]
[BlackElo "2562"]
[PlyCount "119"]
[EventDate "2001.08.21"]

1.e4 c5 2.Nf3 e6 3.d4 cxd4 4.Nxd4 a6 5.Bd3 g6 6.Nc3 Bg7 7.Nb3 Nc6 8.Bf4 d6
9.Qd2 Nf6 10.O-O-O b5 11.a3 Ng4 12.h3 Nge5 13.Be2 Bf8 14.Nd4 Bd7 15.Nxc6 
Bxc6 16.Qd4 Qc7 17.Bg5 Qa7 18.Qd2 Qxf2 19.Be3 Qf6 20.Bg5 Qg7 21.Rhf1 h5 
22.Kb1 f5 23.g4 hxg4 24.hxg4 fxg4 25.Bf6 Qh6 26.Bxh8 Qxh8 27.Qf4 Bh6 28.
Qg3 O-O-O 29.Bxg4 Nxg4 30.Qxg4 Qe5 31.Qxg6 Be3 32.Qf6 a5 33.Qxe5 dxe5 34.
Rf6 Rxd1+ 35.Nxd1 Bd4 36.Rxe6 Bxe4 37.Nc3 Kd7 38.Ra6 Bc6 39.Rxa5 e4 40.
Nxb5 Bb6 41.Ra6 e3 42.Nc3 Kc7 43.Kc1 Kb7 44.Rxb6+ Kxb6 45.Kd1 Bf3+ 46.Ke1 
Kc5 47.Ne2 Be4 48.Kd1 Bf3 49.b3 Bg4 50.c3 Kd5 51.Ke1 Ke4 52.Nc1 Kd5 53.a4 
Ke4 54.a5 Bc8 55.Ne2 Kd3 56.c4 Kc2 57.Nd4+ Kc3 58.Nb5+ Kxb3 59.c5 Kb4 60.
Nd6 1/2-1/2

[Event "XIII Festival A"]
[Site "Porto San Giorgio ITA"]
[Date "2001.08.22"]
[Round "2"]
[White "Marinelli, Gian Marco"]
[Black "Piantoni, Roberto"]
[Result "1/2-1/2"]
[WhiteElo "1906"]
[BlackElo "2155"]
[PlyCount "59"]
[EventDate "2001.08.21"]

1.e4 Nf6 2.e5 Nd5 3.d4 d6 4.c4 Nb6 5.exd6 cxd6 6.h3 g6 7.Nf3 Bg7 8.Bd3 Nc6
9.Be3 O-O 10.a3 d5 11.c5 Nd7 12.O-O e5 13.Nxe5 Ndxe5 14.dxe5 Nxe5 15.Bd4 
Qh4 16.Bxe5 Bxe5 17.Qf3 Bxb2 18.Ra2 Qf6 19.Nd2 Bd4 20.Rc2 Bd7 21.Qxd5 Bc6 
22.Qd6 Rad8 23.Qxf6 Bxf6 24.Bc4 Rfe8 25.Nb3 Ba4 26.Rd2 Rc8 27.Rb1 b6 28.
Ba6 Rc7 29.cxb6 axb6 30.Rd6 1/2-1/2

[Event "XIII Festival A"]
[Site "Porto San Giorgio ITA"]
[Date "2001.08.22"]
[Round "2"]
[White "Marzano, Carlo"]
[Black "Calandri, Fausto"]
[Result "1-0"]
[WhiteElo "2253"]
[BlackElo "2101"]
[PlyCount "71"]
[EventDate "2001.08.21"]

1.d4 e6 2.Nf3 Nf6 3.Bg5 b6 4.Nbd2 Bb7 5.e3 c5 6.Bd3 Be7 7.c3 Nc6 8.a3 cxd4
9.exd4 Nd5 10.Nc4 f6 11.Bd2 b5 12.Ne3 Nxe3 13.fxe3 a6 14.e4 O-O 15.O-O Kh8
16.Qe2 Na5 17.Rae1 Rc8 18.Bc1 d6 19.Kh1 Rc7 20.Ng1 Qa8 21.Qg4 e5 22.Ne2 
Qe8 23.Ng3 Bc8 24.Qe2 Qg6 25.Nf5 Bxf5 26.exf5 Qf7 27.Qf3 Rb8 28.Be4 Bf8 
29.Bd5 Qd7 30.Re4 h6 31.Qg4 Be7 32.Bxh6 Bf8 33.Rf3 g5 34.Bxg5 exd4 35.
Bxf6+ Bg7 36.Rh3# 1-0

[Event "XIII Festival A"]
[Site "Porto San Giorgio ITA"]
[Date "2001.08.22"]
[Round "2"]
[White "Mola, Pietro"]
[Black "Rotstein, Arkadij"]
[Result "1-0"]
[WhiteElo "2261"]
[BlackElo "2499"]
[PlyCount "63"]
[EventDate "2001.08.21"]

1.e4 c5 2.Nf3 e6 3.c3 Nf6 4.e5 Nd5 5.d4 cxd4 6.cxd4 d6 7.Bc4 Nc6 8.O-O Be7
9.Qe2 Nb6 10.Bd3 Nb4 11.Bb5+ Bd7 12.exd6 Bxd6 13.Ne5 Bxe5 14.dxe5 O-O 15.
Bxd7 Qxd7 16.Rd1 N4d5 17.Nc3 Nxc3 18.bxc3 Qc7 19.Bg5 Rac8 20.Rd3 Qc4 21.
Rb1 Nd5 22.Rxb7 Nxc3 23.Qf3 Qxa2 24.h3 Qa1+ 25.Kh2 Nd5 26.Qg3 Kh8 27.Ra3 
Qd1 28.Rf3 Rc7 29.Rxc7 Nxc7 30.Be7 Rg8 31.Rxf7 Qh5 32.Qxg7+ 1-0

[Event "XIII Festival A"]
[Site "Porto San Giorgio ITA"]
[Date "2001.08.22"]
[Round "2"]
[White "Montani, Francesco"]
[Black "Todorov, Ognjan"]
[Result "0-1"]
[WhiteElo "2167"]
[BlackElo "2349"]
[PlyCount "96"]
[EventDate "2001.08.21"]

1.d4 d5 2.Bg5 c6 3.e3 h6 4.Bf4 Bf5 5.Bd3 Bxd3 6.Qxd3 Nf6 7.Nf3 e6 8.O-O 
Be7 9.c4 O-O 10.Nbd2 Nbd7 11.h3 c5 12.cxd5 Nxd5 13.Bg3 cxd4 14.Nxd4 Nc5 
15.Qe2 Qb6 16.N2b3 Nxb3 17.Nxb3 Bf6 18.Rad1 Rfd8 19.e4 Nb4 20.Nc1 Rac8 21.
Rxd8+ Rxd8 22.Bf4 Nc6 23.b3 Qd4 24.Re1 e5 25.Bg3 Be7 26.Kh2 Bb4 27.Rf1 Ba3
28.f4 exf4 29.Bxf4 Re8 30.Bg3 Qxe4 31.Qb5 Qe7 32.Re1 Qd7 33.Rxe8+ Qxe8 34.
Nd3 Qe7 35.Qd5 g6 36.Nf2 h5 37.Ne4 Bb2 38.Nd6 h4 39.Bxh4 Qxh4 40.Qxf7+ Kh8
41.Qf8+ Kh7 42.Qf7+ Bg7 43.g3 Qd4 44.Ne8 Qb2+ 45.Kh1 Qb1+ 46.Kg2 Qxa2+ 47.
Kf1 Qb1+ 48.Kg2 Qe4+ 0-1

[Event "XIII Festival A"]
[Site "Porto San Giorgio ITA"]
[Date "2001.08.22"]
[Round "2"]
[White "Naumkin, Igor"]
[Black "Vianello, Enrico"]
[Result "1-0"]
[WhiteElo "2411"]
[BlackElo "1960"]
[PlyCount "67"]
[EventDate "2001.08.21"]

1.d4 d5 2.c4 c6 3.Nc3 Nf6 4.Nf3 dxc4 5.a4 Bf5 6.e3 e6 7.Bxc4 Bb4 8.O-O 
Nbd7 9.Nh4 Bg6 10.f3 O-O 11.Nxg6 hxg6 12.Qc2 Qc7 13.e4 e5 14.dxe5 Nxe5 15.
Be2 Rfe8 16.Kh1 Ned7 17.Bd2 Qa5 18.f4 Nc5 19.e5 Nfd7 20.Rad1 Rad8 21.Bc4 
Ne6 22.Ne4 Ndc5 23.Bxb4 Qxb4 24.Nd6 Re7 25.f5 gxf5 26.Qxf5 b5 27.axb5 cxb5
28.Bd5 Red7 29.Rf3 Qh4 30.Rh3 Qg5 31.Qh7+ Kf8 32.Nf5 Ke8 33.Qg8+ Nf8 34.
Qxf8+ 1-0

[Event "XIII Festival A"]
[Site "Porto San Giorgio ITA"]
[Date "2001.08.22"]
[Round "2"]
[White "Ortega, Lexy"]
[Black "Bruno, Fabio"]
[Result "1-0"]
[WhiteElo "2498"]
[BlackElo "2260"]
[PlyCount "71"]
[EventDate "2001.08.21"]

1.d4 Nf6 2.Nf3 e6 3.Bf4 b6 4.e3 Bb7 5.Nbd2 d6 6.c3 Be7 7.h4 Nbd7 8.h5 Ne4 
9.Nxe4 Bxe4 10.Bd3 Nf6 11.h6 g6 12.Bxe4 Nxe4 13.d5 Nc5 14.b4 Nb7 15.e4 e5 
16.Be3 Qd7 17.Nd2 O-O 18.g4 a5 19.a3 axb4 20.cxb4 Bf6 21.Qf3 Bh8 22.O-O 
Ra4 23.Rfc1 Nd8 24.Rc3 c5 25.dxc6 Nxc6 26.Rac1 Ne7 27.Nc4 Nc8 28.Nxb6 Nxb6
29.Bxb6 Qe6 30.Rc7 Bf6 31.R1c6 Bg5 32.Bc5 Bxh6 33.Rxd6 Qa2 34.Rd3 Rfa8 35.
Rcd7 Bg5 36.Rb3 1-0

[Event "XIII Festival A"]
[Site "Porto San Giorgio ITA"]
[Date "2001.08.22"]
[Round "2"]
[White "Parrella, Alfredo"]
[Black "Tomescu, Vlad"]
[Result "0-1"]
[WhiteElo "2174"]
[BlackElo "2417"]
[PlyCount "178"]
[EventDate "2001.08.21"]

1.e4 c5 2.Nf3 Nc6 3.d4 cxd4 4.Nxd4 Nf6 5.Nc3 d6 6.Bg5 e6 7.Qd2 a6 8.O-O-O 
h6 9.Be3 Be7 10.f4 Bd7 11.Bd3 b5 12.Kb1 O-O 13.h3 Nxd4 14.Bxd4 Bc6 15.Qe3 
Qc7 16.e5 dxe5 17.Bxe5 Qb7 18.Rhf1 b4 19.Bxf6 Bxf6 20.Ne4 Bxe4 21.Bxe4 Qa7
22.Qxa7 Rxa7 23.Rd6 a5 24.Rfd1 g6 25.Rd7 Rxd7 26.Rxd7 Rc8 27.Bd3 Rc5 28.a3
bxa3 29.bxa3 Bc3 30.Ka2 Kf8 31.Kb3 Ke8 32.Rb7 Bd2 33.g3 h5 34.Rb5 Rc7 35.
g4 hxg4 36.hxg4 Bxf4 37.Rxa5 Ke7 38.Rb5 Bd2 39.a4 f5 40.gxf5 gxf5 41.Bxf5 
exf5 42.Rxf5 Rc3+ 43.Kb2 Rc4 44.Kb3 Rb4+ 45.Ka3 Rc4 46.Kb3 Rc3+ 47.Kb2 Rh3
48.Rd5 Bf4 49.Rd3 Rh1 50.Rd5 Ke6 51.Rb5 Kd6 52.Ka2 Kc6 53.Kb2 Rh3 54.Ka2 
Bd6 55.Rb3 Rh4 56.Rd3 Rxa4+ 57.Kb3 Rb4+ 58.Ka2 Bc5 59.Rb3 Rc4 60.Kb2 Bd4+ 
61.c3 Be5 62.Kc2 Rh4 63.Kd3 Kc5 64.Kd2 Rh2+ 65.Kd3 Bf4 66.Ra3 Rd2+ 67.Ke4 
Bh6 68.Ra7 Rd8 69.Rc7+ Kb6 70.Rc4 Bg7 71.Ke3 Kb5 72.Rc7 Be5 73.c4+ Kb4 74.
Rc6 Bd4+ 75.Ke4 Bc5 76.Rc7 Kxc4 77.Kf5 Kd5 78.Rb7 Rf8+ 79.Kg4 Ke4 80.Rb2 
Rg8+ 81.Kh5 Kf5 82.Kh4 Kf4 83.Kh5 Bd4 84.Rb4 Kf5 85.Kh4 Be5 86.Kh3 Rg3+ 
87.Kh4 Ra3 88.Rb5 Ra8 89.Kh3 Ra2 0-1